| 000 | 00484nam a2200157 4500 | ||
|---|---|---|---|
| 001 | 109109 | ||
| 003 | ES-MaACL | ||
| 005 | 20230906184757.0 | ||
| 007 | t| | ||
| 008 | 061121s1963 sp r ||||1| spa d | ||
| 100 | 1 |
_aOliver Asín, Jaime. _986829 |
|
| 245 | 1 | 3 |
_aLa industria madrileña desde la fundación de la villa hasta 1.400 / _cJaime Oliver Asín. |
| 260 |
_aMadrid : _b[s.n.], _c1963 ( _fImp. Domenech) |
||
| 300 |
_a44 p. ; _c27 cm. |
||
| 852 |
_aES-MaACL _j2037-F-13 _bR.52257 |
||
| 999 |
_c109109 _d109109 |
||